000 00936nam0a22002531 4500
001 rc\1091396
005 20041126173838.7
035 _a(NLR Aleph) 006338191
090 _a7616584
_c7616584
100 _a20041126d1983 u |0rusy50 ca
101 0 _arus
102 _aRU
105 _aa |||||||||
200 1 _aГрани тульского зодчества
_e[Альбом ил.]
_fХудож. С.Д. Ошевский
_gСост. М.Г. Рудаков
_gВступ. статьи В. Уклеина, д. т. н., арх.]
210 _aТула
_cПриок. кн. изд-во
_d1983
215 _a[78] с.
_cцв. ил.
_d21
300 _aНа обл. худож. не указан
700 1 _aОшевский
_bС. Д.
_gСтанислав Дмитриевич
702 1 _aРудаков
_bМ. Г.
_4220
801 0 _aRU
_bNLR
_gpsbo
801 1 _aRU
_bELAR
_2rusmarc
852 _aNLR
_bЭ
_jАлТ63/2-Т820
942 _cBOOK
980 _aNB